Teksty piosenek - Pati - Statystyki

Ogólne statystyki
  • Ten quiz został rozwiązany 43 razy
  • Średni wynik to 56 z 256
Statystyki odpowiedzi
Odpowiedź % Poprawnych
i
70%
W
67%
w
67%
Z
61%
nie
58%
O
52%
o
52%
a
48%
A
48%
na
48%
Na
48%
ja
45%
mi
45%
To
42%
to
42%
Ta
39%
był
36%
nas
30%
ty
30%
Ty
30%
do
27%
lat
24%
Po
24%
U
24%
Więc
24%
cię
21%
tobie
21%
wiesz
21%
że
21%
Dla
18%
dla
18%
jak
18%
jestem
18%
mnie
18%
nic
18%
No
18%
tobą
18%
ciebie
15%
Del
15%
długi
15%
Dobrze
15%
już
15%
kolońska
15%
Kolońska
15%
lipiec
15%
mam
15%
Mam
15%
rana
15%
szlugi
15%
tęskniłam
15%
tylko
15%
nocy
12%
pod
12%
śniłam
12%
twój
12%
wiem
12%
Lana
9%
Rey
9%
serce
9%
sto
9%
tle
9%
widzę
9%
zostanie
9%
albo
6%
bez
6%
kilka
6%
parę
6%
Parę
6%
Piosenek
6%
Pogaduchy
6%
tej
6%
TVN
6%
Barbie
3%
boku
3%
bolą
3%
Dobra
3%
drugiej
3%
dzwonisz
3%
Grochowie
3%
innej
3%
Ken
3%
koniec
3%
lajk
3%
łez
3%
loft
3%
luz
3%
lżej
3%
mała
3%
maseczce
3%
Microsoft
3%
mieście
3%
Mijam
3%
Minęło
3%
Netflix
3%
nieważne
3%
nóż
3%
numer
3%
odchodzisz
3%
plecach
3%
plotek
3%
poczcie
3%
postem
3%
poznam
3%
przewóz
3%
ramieniem
3%
Robota
3%
skradł
3%
słowa
3%
sprzed
3%
sympatia
3%
tusz
3%
Tyś
3%
Wiadomka
3%
wodoodporny
3%
wóz
3%
zbladł
3%
Zmieniłeś
3%
Nie znaleziono quizów pasujących do podanych kryteriów
Rozkład punktacji
Procent ludzi z każdym wynikiem
Percentyl według liczby udzielonych odpowiedzi
Twoja historia wyników
Nie rozwiązałeś tego quizu